La Asistencia de los psicópatas en Suiza, Alemania y Francia ; plan de organización de estos servicios en la provincia de Barcelona : memoria del viaje de estudio ... / por Tomás Busquet Teixidor memoria del viaje de estudio ... / por Tomás Busquet Teixidor
Descripción Física:
333 p. : il., [4] f. pleg. ; 25 cm
MARC
| LEADER | 00000nam a2200000Ia 4500 | ||
|---|---|---|---|
| 001 | 838 | ||
| 008 | 160829s1927 xx 000 0 cat d | ||
| 080 | |a C-1-180 | ||
| 100 | |a Busquet Teixidor, Tomás |9 19661 | ||
| 245 | |a La Asistencia de los psicópatas en Suiza, Alemania y Francia ; plan de organización de estos servicios en la provincia de Barcelona : |b memoria del viaje de estudio ... / por Tomás Busquet Teixidor | ||
| 260 | |a Barcelona : |b (Casa Provincial de Caridad), |c 1927 | ||
| 300 | |a 333 p. : |b il., [4] f. pleg. ; |c 25 cm | ||
| 650 | |a Hospitals psiquiàtrics |x Barcelona (Província) |9 20152 | ||
| 650 | |a Assistència psiquiàtrica |9 25302 | ||
| 901 | |a Arxiu | ||
| 942 | |n 1 | ||
| 952 | |0 0 |1 0 |4 0 |6 C1180 |7 1 |9 41464 |a Arxiu |b Arxiu |d 2016-12-01 |l 0 |o C-1-180 |p 838 |r 2016-12-01 00:00:00 |w 2016-12-01 |y ARXIU | ||
| 999 | |c 43272 |d 43272 | ||